000 00510nam a2200121Ia 4500
008 160712s9999 xx 000 0 und d
100 _aSantos, Esperanza “Pangging” A.
245 _cEsperanza “Pangging” A. Santos,
_aWomen Contributing to Food Sovereignty through Sustainable Agriculture
260 _c2011
_bKasarinlan Philippine Journal of Third World Studies
300 _avol. 26 no. 1-2
650 _xINDEPENDENCE
856 _uhttp://journals.upd.edu.ph/index.php/kasarinlan/issue/view/331/showToc
999 _c297623
_d297623